| 000 | 00768nam a2200277 i 4500 | ||
|---|---|---|---|
| 001 | bg | ||
| 100 | 1 | _aASPINALL, Tricia | |
| 245 | 1 | 0 |
_aTest your listening / _cTricia Aspinall. |
| 250 | _a7th impr. | ||
| 260 |
_aHarlow : _bPearson Education, _c2006. |
||
| 300 |
_a89 s. : _brys. ; _c21 cm + _e1 dysk optyczny (CD ROM). |
||
| 490 | 1 | _aTest Your | |
| 650 | 9 | _aJęzyk angielski | |
| 655 | _aĆwiczenia i zadania | ||
| 830 | _aTest Your | ||
| 020 | _a0582469104 | ||
| 020 | _a9780582469105 | ||
| 040 | _cBPK | ||
| 041 | 0 | _aeng | |
| 080 | _a811.111(07) | ||
| 920 | _a0-582-46910-4 | ||
| 920 | _a978-0-582-46910-5 | ||
| 942 | _cKS | ||
| 008 | s pl f |000 0 pol | ||
| 999 |
_c52142 _d52142 |
||
| 856 |
_uhttp://koha.tu.koszalin.pl/cgi-bin/koha/opac-detail.pl?biblionumber=52142 _yKatalog online BPK |
||